Normal view
MARC view
- Khawaja Muhammad Zakaria/ خواجہ محمد زکریا
Entry Personal Name
001 - CONTROL NUMBER
- control field: 129801
003 - CONTROL NUMBER IDENTIFIER
- control field: NUST
005 - DATE AND TIME OF LATEST TRANSACTION
- control field: 20250713161812.0
008 - FIXED-LENGTH DATA ELEMENTS
- fixed length control field: 250713|| aca||aabn | a|a d
040 ## - CATALOGING SOURCE
- Original cataloging agency: NUST
- Transcribing agency: NUST
100 ## - HEADING--PERSONAL NAME
- Personal name: Khawaja Muhammad Zakaria/ خواجہ محمد زکریا
670 ## - SOURCE DATA FOUND
- Source citation: Work cat.: (NUST): Akbar Allahabadi 28333, Intikhab-e-Kalam/, 2017.
